Opuscules philosophiques choisis (Record no. 39688)
[ view plain ]
| 000 -LEADER | |
|---|---|
| fixed length control field | 00730 a2200241 4500 |
| 005 - DATE AND TIME OF LATEST TRANSACTION | |
| control field | 20160609161709.0 |
| 008 - FIXED-LENGTH DATA ELEMENTS--GENERAL INFORMATION | |
| fixed length control field | 100803t xxu||||| |||| 00| 0 eng d |
| 040 ## - SOURCE DU CATALOGAGE | |
| Original cataloging agency | BUAC |
| 041 ## - CODE DE LANGUE | |
| Language code of text/sound track or separate title | Fr. |
| 082 ## - DEWEY DECIMAL CLASSIFICATION NUMBER | |
| Classification number | 140 |
| 100 ## - VEDETTE PRINCIPALE - NOM DE PERSONNE | |
| Personal name | Leibniz, G.-W. |
| 9 (RLIN) | 7920 |
| 245 ## - TITLE STATEMENT | |
| Title | Opuscules philosophiques choisis |
| Statement of responsibility, etc | / G.- W. Leibniz ; trad. du latin par Paul Schrecker |
| 260 ## - PUBLICATION, DISTRIBUTION, ETC. (IMPRINT) | |
| Place of publication, distribution, etc | Paris : |
| Name of publisher, distributor, etc | J. Vrin |
| Date of publication, distribution, etc | 1969 |
| 300 ## - PHYSICAL DESCRIPTION | |
| Extent | 154p. |
| 300 ## - PHYSICAL DESCRIPTION | |
| Other physical details | 22cm. |
| 440 ## - SERIES STATEMENT/ADDED ENTRY--TITLE | |
| Title | (Bibliothèque des textes philosophiques) |
| 9 (RLIN) | 7921 |
| 504 ## - BIBLIOGRAPHY, ETC. NOTE | |
| Bibliography, etc | comprend Notes du traducteur, trad. de "Opuscula philosophica selecta" |
| 630 ## - SUBJECT ADDED ENTRY--UNIFORM TITLE | |
| Uniform title | PHILOSOPHIE |
| 9 (RLIN) | 7922 |
| 650 ## - SUBJECT ADDED ENTRY--TOPICAL TERM | |
| Topical term or geographic name as entry element | Métaphysique |
| 9 (RLIN) | 7923 |
| 700 ## - ADDED ENTRY--PERSONAL NAME | |
| Personal name | Schrecker, Paul |
| Titles and other words associated with a name | Trad. |
| 9 (RLIN) | 7924 |
| 942 ## - ADDED ENTRY ELEMENTS (KOHA) | |
| Koha item type | Livre |
| Withdrawn status | Lost status | Damaged status | Not for loan | Location (home branch) | Sublocation or collection (holding branch) | Date acquired | Source of acquisition | Koha issues (times borrowed) | Koha full call number | Koha date last seen | Copy number | Price effective from | Koha item type |
|---|---|---|---|---|---|---|---|---|---|---|---|---|---|
| Bibliothèque Universitaire Centrale | Bibliothèque Universitaire Centrale | ACHAT | 140 LEI | 16/07/2010 | 1 | 16/07/2010 | Livre |